| Поле | Инд. | ПП | Название | Значение |
|---|---|---|---|---|
| Тип записи | a | |||
| Библиографический уровень | b | |||
| 001 | Контрольный номер | ce9d5f77cac145848040f77bddde0848 | ||
| 005 | Дата корректировки | 20210828074242.4 | ||
| 024 | 80 | a | Стандартный номер | DOI: 10.1016/j.quaint.2015.06.062 |
| 040 | a | Служба первич. каталог. | РИНЦ | |
| b | Код языка каталог. | rus | ||
| 041 | 0_ | a | Код языка текста | eng |
| 084 | a | Индекс другой классификации/Индекс ББК | 26.323.97в67; 26.301 | |
| 097 | a | Рощина Ю.П. | ||
| 100 | 1_ | a | Автор | Tugulan L. C. |
| 100 | 1_ | a | Автор | Duliu O. G. |
| 100 | 1_ | a | Автор | Bojar A. -V. |
| 100 | 1_ | a | Автор | Dumitras D. |
| 100 | 1_ | a | Автор | Frontasyeva M. |
| q | Полное имя | Фронтасьева Марина Владимировна | ||
| u | Дополнение | Фронтасьева М. В.; Frontas'eva M. V. | ||
| g | Прочие сведения | РИНЦ AuthorID: 62407 (http://elibrary.ru/author_items.asp?authorid=62407); Scopus Author ID: 6508049543 (https://www.scopus.com/authid/detail.uri?authorId=6508049543) | ||
| c | Титул (звания) | доцент; кандидат физико-математических наук | ||
| i | 000091007 | |||
| k | Кафедра химии, новых технологий и материалов; Факультет естественных и инженерных наук | |||
| 245 | 10 | a | Заглавие | On the geochemistry of the Late Quaternary loess deposits of Dobrogea (Romania) |
| c | Ответственность | ...M. Frontasyeva... | ||
| 550 | a | Прим. об изд. организации | Факультет естественных и инженерных наук | |
| a | Прим. об изд. организации | Кафедра химии, новых технологий и материалов | ||
| 650 | 04 | a | Основная рубрика | геохимия; палеогеография |
| 773 | 18 | t | Название источника | Quaternary International |
| d | Место и дата издания | 2016 | ||
| m | Специф. данные | зарубежный журнал | ||
| n | Примечание | http://elibrary.ru/title_about.asp?id=901 | ||
| b | Сведения об издании | Elsevier | ||
| c | Нидерланды | |||
| m | Специф. данные | Входит в ядро РИНЦ | ||
| m | Специф. данные | входит в Scopus | ||
| m | Специф. данные | входит в WoS | ||
| m | Специф. данные | ненулевой импакт-фактор | ||
| m | Специф. данные | зарубежный журнал | ||
| g | Прочая информация | V. 399. - P. 100 - 110 | ||
| w | Контрольный № источника | 0 | ||
| 856 | 40 | u | URL | http://elibrary.ru/item.asp?id=26761125 |
| 901 | t | Тип документа | b | |
| 952 | c | Вид литературы | статья в журнале |